000 01036cam a2200349 a 4500
001 6568
003 FISKH
005 20250512104509.0
008 030224s2003 nyua a 001 0 eng
010 _a 2003004139
020 _a0789497999 (pbk.)
020 _a9780789497994
020 _a0789497980 (paper laminated cover)
040 _aDLC
_cDLC
_dDLC
_beng
050 _aPZ7 .C71638
082 _a 535.6
100 _aAnonymous
245 0 0 _aColorful days.
260 _aNew York :
_bDK,
_c2003.
300 _a32 pages :
_bcolor illustrations ;
_c23 cm
490 1 _aDK readers. Pre-level 1, Learning to read
500 _aIncludes index.
505 _aG
520 _aExplores a variety of colors seen in the different seasons from winter through spring and summer to fall.
521 8 _a300
_bLexile estimate
521 8 _aG
_bRaz-Plus
650 1 _aColor
_vFiction.
650 1 _aSeasons
_vFiction.
906 _a7
_bcbc
_corignew
_d1
_eecip
_f20
_gy-gencatlg
942 _2ddc
_cBK
_n0
999 _c6568
_d6568